[Event "ICS rated bullet match"]
[Site "207.99.83.227"]
[Date "1999.03.23"]
[Round "?"]
[White "Hossa"]
[Black "Speedy"]
[Result "1-0"]
[WhiteElo "2415"]
[BlackElo "2330"]
[PlyCount "83"]

1. e4 c5 2. Bc4 a6 3. Nc3 b5 4. Bxf7+ Kxf7 5. Qh5+ g6 6. Qd5+ e6 7. Qxa8 Nc6 8.
Nf3 Qc7 9. d3 b4 10. Ne2 Be7 11. Ng5+ Bxg5 12. Bxg5 e5 13. Nf4 exf4 14. Bxf4
Qb7 15. Qxb7 Bxb7 16. Bd6 Nf6 17. Bxc5 d5 18. exd5 Re8+ 19. Be3 Nxd5 20. O-O a5
21. Rae1 a4 22. Bc5 Rxe1 23. Rxe1 Ba6 24. a3 b3 25. c4 Nf4 26. Re3 Ne6 27. Bd6
Ncd4 28. Be5 Nf5 29. Re1 Nc5 30. Rd1 Ke6 31. Bc3 Kd6 32. Bb4 Kc6 33. d4 Ne4 34.
f3 Nf6 35. d5+ Kd7 36. Bc3 Ne8 37. c5 Bc4 38. Kf2 Nc7 39. c6+ Kd8 40. d6 Nd5
41. Ba5+ Kc8 42. d7+ {Speedy resigns} 1-0

[Event "ICS rated blitz match"]
[Site "207.99.83.227"]
[Date "1999.03.23"]
[Round "?"]
[White "rajah"]
[Black "Hossa"]
[Result "1-0"]
[WhiteElo "2522"]
[BlackElo "2425"]
[Annotator "Crafty v16.6"]
[PlyCount "169"]

{annotating for player Hossa using a scoring margin of +0.10 pawns. search
time limit is 12.00} 1. c4 1... e5 2. Nc3 Nf6 3. Nf3 Nc6 4. e4 Bc5 5. Be2 d6 6.
O-O O-O ({8:-1.01} 6... O-O 7. d3 Bg4 8. Na4 Bb4 9. Ng5 Bxe2 10. Qxe2 10... a5
$16) ({8:-0.60} 6... Bg4 7. Qb3 Bxf3 8. Bxf3 Nd4 9. Qd1 Nxf3+ 10. Qxf3 Bd4 11.
d3 11... Qd7 $14) 7. d3 Bd7 8. Bg5 Be6 9. Nd5 Bxd5 10. cxd5 Nd4 11. Nxd4 Bxd4
12. Rc1 Bxb2 13. Rb1 Bd4 14. Rxb7 Qc8 15. Rb4 Nd7 16. Qc2 Nc5 17. Rc1 Qd7 18.
h3 c6 19. Bg4 Qc7 20. dxc6 Rab8 21. Rcb1 Rxb4 22. Rxb4 Qxc6 23. Qc4 Qc7 24. a3
Rb8 25. Bd2 a5 26. Rb5 a4 27. Ba5 Qa7 28. Bb4 Rxb5 29. Qxb5 Qa8 30. Bd7 Kh8 31.
Bc6 Qa7 32. Bd5 Bxf2+ 33. Kf1 g6 34. Qe8+ Kg7 35. Kxf2 Nxe4+ 36. Ke2 Qf2+ 37.
Kd1 Qf1+ 38. Kc2 Qxg2+ 39. Kc1 Qf1+ 40. Kc2 Qe2+ 41. Kc1 Qe3+ 42. Kc2 Qf2+ 43.
Kd1 Qg1+ 44. Kc2 Qh2+ 45. Kb1 Qh1+ 46. Kb2 Qg2+ 47. Ka1 Qf1+ 48. Ka2 Ng5 49.
Bc4 Qf2+ 50. Kb1 Nxh3 51. Qxa4 Qf1+ 52. Kc2 Qg2+ 53. Bd2 d5 54. Bb3 Nf4 55. Qa7
h5 56. Qe3 f6 57. d4 Qg4 58. Kb2 Qf5 59. dxe5 Qxe5+ 60. Qxe5 fxe5 61. Bxf4 exf4
62. Bxd5 g5 63. a4 f3 64. Bxf3 g4 65. Bd5 h4 66. a5 Kh6 67. a6 Kg5 68. a7 g3
69. a8=Q h3 70. Qd8+ Kg4 71. Qf6 g2 72. Qf3+ Kg5 73. Qe3+ Kg6 74. Qe6+ Kg5 75.
Bxg2 h2 76. Qe5+ Kg4 77. Bf3+ Kh3 78. Qf4 h1=Q 79. Qg4+ Kh2 80. Bxh1 Kxh1 81.
Kc3 Kh2 82. Kd4 Kh1 83. Ke4 Kh2 84. Kf3 Kh1 85. Qg2# 1-0

[Event "ICS rated bullet match"]
[Site "207.99.83.227"]
[Date "1999.03.23"]
[Round "?"]
[White "sienna"]
[Black "Hossa"]
[Result "1-0"]
[WhiteElo "2726"]
[BlackElo "2427"]
[Annotator "Crafty v16.6"]
[PlyCount "77"]

{annotating for player Hossa using a scoring margin of +0.10 pawns. search
time limit is 12.00} 1. d4 1... Nf6 2. c4 g6 3. Nc3 Bg7 4. e4 d6 5. Be2 O-O 6.
Bg5 Nc6 ({8:-0.24} 6... Nc6 7. Nf3 e5 8. dxe5 Nxe5 9. O-O Re8 10. Nxe5 Rxe5 11.
Qd2 $10) ({8:-0.11} 6... c5 7. d5 Qa5 8. Qd2 Qb4 9. Nf3 Bg4 10. O-O Bxf3 11.
gxf3 $10) 7. d5 Ne5 8. Nf3 Nxf3+ 9. Bxf3 Nd7 10. O-O Ne5 11. Be2 f5 ({8:-0.73} 
11... f5 12. exf5 Bxf5 13. Qd2 Nf7 14. Bf4 Qd7 15. Rae1 15... e6 $16) ({8:-0.57
} 11... c6 12. Rc1 cxd5 13. cxd5 Bd7 14. Qd2 Ng4 15. Qf4 15... Ne5 $14) 12.
exf5 Bxf5 13. Qd2 Nf7 14. Bf4 e5 15. dxe6 Bxe6 16. Rad1 Qh4 17. Nb5 Rac8 18.
Bg3 Qe4 19. Bd3 Qg4 20. Nxa7 Ra8 21. Be2 Qf5 22. Nb5 Rxa2 23. Nxc7 Rxb2 24. Qe3
Ne5 25. Bd3 Qf7 26. Nxe6 Qxe6 27. f4 b5 28. cxb5 Qd5 29. Be4 Qxb5 30. fxe5
Rxf1+ 31. Rxf1 Bxe5 32. Qf3 Qc5+ 33. Kh1 Rb8 34. Bd5+ Kg7 35. Bxe5+ dxe5 36.
Qf6+ Kh6 37. Qh4+ Kg7 38. Rf7+ Kg8 39. Qxh7# 1-0

[Event "ICS rated blitz match"]
[Site "207.99.83.227"]
[Date "1999.03.23"]
[Round "?"]
[White "rajah"]
[Black "Hossa"]
[Result "0-1"]
[WhiteElo "2545"]
[BlackElo "2402"]
[PlyCount "122"]

1. d4 Nf6 2. c4 g6 3. Nc3 Bg7 4. e4 d6 5. Bg5 O-O 6. Qd2 Na6 7. Bd3 c5 8. Nge2
cxd4 9. Nxd4 Ng4 10. Nd5 Re8 11. Be2 Nf6 12. Bxf6 exf6 13. Nc3 Nc5 14. f3 f5
15. Ndb5 fxe4 16. Qxd6 Nd3+ 17. Kf1 Nxb2 18. Qxd8 Rxd8 19. Nxe4 Nxc4 20. Rc1
Nd2+ 21. Kf2 Nxe4+ 22. fxe4 Be5 23. Rc5 f6 24. Bc4+ Kg7 25. Bd5 a6 26. Nc7 Bd4+
27. Kf1 Bxc5 28. Nxa8 Bd7 29. Nc7 Bb6 30. Nxa6 Bb5+ 31. Ke1 bxa6 32. h4 h5 33.
Kd2 Bc6 34. Rb1 Bxd5 35. exd5 Rxd5+ 36. Ke2 Rb5 37. Rb3 Rxb3 38. axb3 a5 39.
Ke1 g5 40. hxg5 fxg5 41. Ke2 g4 42. g3 Kf6 43. Kf1 Kg5 44. Ke2 Bc7 45. Kf2
Bxg3+ 46. Kxg3 h4+ 47. Kh2 h3 48. Kg3 Kf5 49. Kf2 g3+ 50. Kxg3 Ke5 51. Kh2 Kd4
52. Kg3 Kc3 53. Kf4 h2 54. b4 axb4 55. Ke5 b3 56. Kd6 b2 57. Kd7 Kd4 58. Kd6
b1=Q 59. Ke7 Qh7+ 60. Kf6 h1=Q 61. Ke6 61... Q1h6# {rajah checkmated} 0-1

[Event "ICS rated bullet match"]
[Site "207.99.83.227"]
[Date "1999.03.23"]
[Round "?"]
[White "Hossa"]
[Black "rajah"]
[Result "0-1"]
[WhiteElo "2422"]
[BlackElo "2415"]
[Annotator "Crafty v16.6"]
[PlyCount "142"]

{annotating for player Hossa using a scoring margin of +0.10 pawns. search
time limit is 12.00} 1. e4 1... c6 2. Nc3 d5 3. exd5 cxd5 4. Bb5+ Bd7 5. Nf3
Bxb5 6. Nxb5 Nf6 7. O-O Nc6 8. d3 e5 9. Bg5 ({9:+0.57} 9. Bg5 9... a6 10. Nc3
Bb4 11. Bxf6 gxf6 12. Na4 d4 13. c3 dxc3 14. Nxc3 Bxc3 15. bxc3 $14) ({9:+0.93
} 9. Qe2 9... Qe7 10. Re1 a6 11. Na3 Nd7 12. Be3 d4 13. Bg5 $16) 9... Bd6 10.
Nc3 ({8:+0.12} 10. Nc3 10... d4 11. Nd5 Be7 12. Bxf6 Bxf6 13. c4 dxc3 14. Nxf6+
Qxf6 15. bxc3 $10) ({8:+0.37} 10. c4 10... d4 11. Bxf6 gxf6 12. Nxd6+ Qxd6 13.
Re1 b6 14. Qb3 Qc5 15. Qc2 $14) 10... Qa5 11. Bxf6 ({8:+0.35} 11. Bxf6 11...
gxf6 12. Nh4 Nd4 13. Ne2 Qc5 14. Nxd4 Qxd4 15. Nf5 15... Qc5 $14) ({8:+0.65} 
11. Nh4 11... Nd4 12. Bxf6 gxf6 13. Nf3 Nf5 14. d4 e4 15. Re1 $14) 11... gxf6
12. Nd2 ({8:+0.23} 12. Nd2 12... Bb4 13. Qf3 Qd8 14. Ndb1 d4 15. Nd5 15... Be7
$10) ({8:+0.39} 12. Nh4 12... Nd4 13. Ne2 Ne6 14. Nf5 Qc5 15. d4 15... Qc6 $14)
12... Bb4 13. Nb3 Qd8 14. Ne2 ({9:+0.20} 14. Ne2 14... a5 15. c3 Be7 16. Rb1 a4
17. Nd2 Bc5 18. Re1 $10) ({9:+0.51} 14. Qg4 14... Bf8 15. Qf5 a6 16. Rad1 Qd6
17. Rfe1 Qe6 18. Qh5 $14) 14... O-O 15. Ng3 Qd7 16. Qh5 Rac8 17. Qh6 Qg4 18.
Qxf6 Qg6 19. Qf3 Ne7 20. c3 Bd6 21. Rae1 f5 22. Ne2 b6 23. Qh3 f4 24. Qf3 e4
25. dxe4 dxe4 26. Qh3 Be5 27. Qd7 f3 28. Ng3 fxg2 29. Kxg2 Rc7 30. Qh3 Nd5 31.
Kg1 Nf4 32. Qh4 Rf5 33. Rxe4 Bf6 34. Rxf4 Bxh4 35. Rxf5 Rd7 36. Nd4 Bf6 37. Rf4
Bxd4 38. cxd4 Qc2 39. Rg4+ Kf8 40. b4 Qxa2 41. Rf4+ Rf7 42. Rxf7+ Qxf7 43. b5
Qd7 44. Ra1 h5 45. Rb1 Qxd4 46. h3 h4 47. Nf1 Qg7+ 48. Kh2 Qe5+ 49. Kg1 Qg5+
50. Kh1 Qf5 51. Rc1 Qxh3+ 52. Nh2 Qf5 53. Rc7 h3 54. Rc1 Qxb5 55. f3 a5 56.
Rc8+ Ke7 57. Rc7+ Kd8 58. Rg7 a4 59. Kg1 Qb1+ 60. Nf1 h2+ 61. Kxh2 Qxf1 62.
Rg8+ Ke7 63. Rg7+ Kf8 64. Ra7 Qf2+ 65. Kh3 Qxf3+ 66. Kh4 a3 67. Kg5 a2 68. Kh4
Qf6+ 69. Kh5 a1=Q 70. Kg4 Qg1+ 71. Kh3 Qh6# 0-1

[Event "ICS rated bullet match"]
[Site "207.99.83.227"]
[Date "1999.03.23"]
[Round "?"]
[White "JSBach"]
[Black "Hossa"]
[Result "0-1"]
[WhiteElo "2179"]
[BlackElo "2406"]
[PlyCount "106"]

1. d4 Nf6 2. Nc3 d5 3. Qd3 e6 4. Bg5 Be7 5. O-O-O O-O 6. Re1 Nc6 7. Nf3 Ng4 8.
Bxe7 Qxe7 9. Nd1 Bd7 10. e4 Nb4 11. Qa3 Qd6 12. e5 Qb6 13. c3 Nc6 14. h3 Nh6
15. Be2 Nf5 16. g4 Nfe7 17. Ne3 Rac8 18. Qc5 Qxc5 19. dxc5 Ng6 20. c4 Nf4 21.
cxd5 exd5 22. Nf1 Rfe8 23. Ne3 Nxe5 24. Nxe5 Rxe5 25. Kd1 d4 26. Nc4 Rxc5 27.
Bf1 Nxh3 28. Bxh3 Rxc4 29. b3 Rc3 30. Re7 Rxh3 31. Rg1 Be6 32. Kc1 Kf8 33. Rxe6
fxe6 34. Re1 Rh2 35. Rxe6 Re8 36. Rxe8+ Kxe8 37. b4 Rxf2 38. a3 Rg2 39. g5 Kf7
40. b5 Rxg5 41. a4 Rg2 42. Kd1 c5 43. bxc6 bxc6 44. a5 Ra2 45. Ke1 c5 46. Kd1
g5 47. Ke1 h5 48. Kd1 g4 49. Ke1 g3 50. Kf1 Rf2+ 51. Ke1 a6 52. Kd1 g2 53. Kc1
53... g1=Q# {JSBach checkmated} 0-1

[Event "ICS rated blitz match"]
[Site "207.99.83.227"]
[Date "1999.03.23"]
[Round "?"]
[White "JudgeTurpin"]
[Black "Hossa"]
[Result "0-1"]
[WhiteElo "2524"]
[BlackElo "2412"]
[PlyCount "104"]

1. Nf3 Nc6 2. d4 d5 3. c4 e6 4. cxd5 exd5 5. e3 Bb4+ 6. Bd2 Bxd2+ 7. Nbxd2 Nge7
8. Be2 O-O 9. O-O Re8 10. Rc1 Qd6 11. Nb3 Qg6 12. Qe1 Bh3 13. Nh4 Qe4 14. gxh3
Qxh4 15. Bg4 f5 16. Bf3 Qxh3 17. Bg2 Qg4 18. Qd1 Qg5 19. Nc5 Nd8 20. Kh1 c6 21.
Rg1 Qh4 22. Qf1 f4 23. Bh3 fxe3 24. fxe3 Rf8 25. Qg2 Ng6 26. Rcf1 Rxf1 27. Rxf1
Qe7 28. Qf2 b6 29. Na6 Nb7 30. Qd2 Nd6 31. Qd3 Nc4 32. e4 Nxb2 33. Qc3 Nc4 34.
exd5 cxd5 35. Nc7 Qxc7 36. Be6+ Kh8 37. Bxd5 Rc8 38. Rf7 Qd6 39. Bxc4 b5 40. d5
Ne5 41. Rxa7 bxc4 42. Ra5 Ng4 43. Qg3 Qxg3 44. hxg3 c3 45. Kg2 c2 46. Ra6 c1=Q
47. Rc6 Rxc6 48. dxc6 Qxc6+ 49. Kf1 Qf3+ 50. Ke1 Qf2+ 51. Kd1 Ne3+ 52. Kc1
52... Qc2# {JudgeTurpin checkmated} 0-1

[Event "ICS rated blitz match"]
[Site "207.99.83.227"]
[Date "1999.03.23"]
[Round "?"]
[White "rajah"]
[Black "Hossa"]
[Result "1-0"]
[WhiteElo "2546"]
[BlackElo "2422"]
[PlyCount "93"]

1. e4 d6 2. d4 e6 3. Nf3 Be7 4. Bd3 Nf6 5. O-O O-O 6. Nc3 Nc6 7. e5 dxe5 8.
dxe5 Nd5 9. Nxd5 exd5 10. Bf4 Bg4 11. h3 Bh5 12. c3 Re8 13. Bf5 Bc5 14. g4 Bg6
15. Bxg6 fxg6 16. b4 Rf8 17. Ng5 Qd7 18. e6 Qd8 19. Nf7 Qf6 20. bxc5 Qxf4 21.
Qxd5 Rae8 22. Rfe1 Qf6 23. Re3 Nd8 24. g5 Qf4 25. Rf3 c6 26. e7 cxd5 27.
exf8=R+ Rxf8 28. Rxf4 Nxf7 29. h4 Rc8 30. Re1 Kf8 31. Rb4 Nd8 32. Ra4 Nc6 33.
Rf4+ Kg8 34. Re6 Rb8 35. Rd6 Re8 36. Rd7 Re1+ 37. Kh2 Re7 38. Rxe7 Nxe7 39. Rb4
b6 40. cxb6 axb6 41. Rxb6 Kf7 42. a4 h6 43. a5 hxg5 44. a6 Nc8 45. Rc6 Na7 46.
Rc7+ Kf6 47. Rxa7 {Hossa resigns} 1-0

[Event "ICS Rated blitz match"]
[Site "207.99.83.227"]
[Date "1999.03.23"]
[Round "?"]
[White "Hossa"]
[Black "rajah"]
[Result "0-1"]
[WhiteElo "2411"]
[BlackElo "2557"]
[Annotator "Crafty v16.6"]
[PlyCount "65"]

{annotating for player Hossa using a scoring margin of +0.10 pawns. search
time limit is 12.00} 1. e4 1... c5 2. Bc4 e6 3. Nc3 a6 4. a4 ({9:+0.06} 4. a4
4... Nf6 5. e5 d5 6. exd6 Bxd6 7. Nf3 Nc6 8. O-O 8... O-O $10) ({9:+0.32} 4.
Nf3 4... Nc6 5. d4 b5 6. Be2 b4 7. Na4 cxd4 8. Nxd4 8... Nge7 $14) 4... Nf6 5.
e5 d5 6. exf6 dxc4 7. fxg7 Bxg7 8. Nf3 Nc6 9. O-O O-O 10. Re1 e5 11. Re4 Be6
12. Rb1 Nd4 13. Nxe5 f6 14. Nf3 Bf5 15. Nxd4 Bxe4 16. Ne6 Qe7 17. Nxf8 Bxc2 18.
Nd5 Bxd1 19. Nxe7+ Kxf8 20. Nf5 Bc2 21. Nxg7 Bxb1 22. Ne6+ Kf7 23. Nc7 Rd8 24.
f4 Ke7 25. Nxa6 bxa6 26. a5 Rb8 27. Kf2 Rb5 28. g4 Rxa5 29. g5 fxg5 30. fxg5
Ra1 31. d3 cxd3 32. Be3 c4 33. Ke1 0-1

[Event "ICS rated blitz match"]
[Site "207.99.83.227"]
[Date "1999.03.23"]
[Round "?"]
[White "Hossa"]
[Black "rajah"]
[Result "0-1"]
[WhiteElo "2392"]
[BlackElo "2576"]
[Annotator "Crafty v16.6"]
[PlyCount "178"]

{annotating for player Hossa using a scoring margin of +0.10 pawns. search
time limit is 12.00} 1. e4 1... c6 2. Nc3 d5 3. exd5 cxd5 4. Nf3 Nf6 5. Bb5+
Bd7 6. O-O e6 7. Qe2 Bd6 8. d3 O-O 9. Bg5 a6 10. Bxd7 Nbxd7 11. Rae1 Qb6 12.
Nd1 Ng4 13. c3 Qc7 14. h3 Nh2 15. Nxh2 Bxh2+ 16. Kh1 Bf4 17. Qg4 Bxg5 18. Qxg5
Nc5 19. Re3 Rac8 20. Rg3 f6 21. Qg4 f5 22. Qd4 f4 23. Rf3 Rf5 24. Re1 Qf7 25.
c4 dxc4 26. Qxc4 b5 27. Qc3 Qd7 28. d4 Ne4 29. Qa3 Qb7 30. h4 Nd2 31. Rh3 f3
32. g4 Nc4 33. Qd3 Rf4 34. b3 Na3 35. Qe3 Qf7 36. Rg3 Rc6 37. Qe5 h5 38. Qb8+
Kh7 39. Qe5 hxg4 40. Ne3 Nc2 41. Rd1 Nxe3 42. Qxe3 Qf6 43. Kg1 Rd6 44. h5 Rfxd4
45. Rxd4 Rxd4 46. Qe1 Qd8 47. Kh2 Kh8 48. h6 gxh6 49. Qe5+ Kh7 50. Qh5 Qc7 51.
Kh1 Rd1+ 52. Rg1 Rxg1+ 53. Kxg1 Qc1+ 54. Kh2 Qf4+ 55. Kg1 g3 56. Qc5 g2 57.
Qe7+ Kh8 58. Qe8+ Kg7 59. Qe7+ Qf7 60. Qd6 h5 61. a4 Qf5 62. Qd1 h4 63. Qd7+
Kh6 64. Qd2+ Kg6 65. Qe1 h3 66. axb5 h2+ 67. Kxh2 Qh5+ 68. Kg3 Qg5+ 69. Kxf3
g1=N+ 70. Qxg1 Qxg1 71. bxa6 Qd1+ 72. Kf4 Qxb3 73. Ke4 Qc4+ 74. Ke3 Qxa6 75.
Kd2 Kf5 76. Ke3 Qa7+ 77. Kf3 Qxf2+ 78. Kxf2 Ke4 79. Kg2 e5 80. Kh2 Kd3 81. Kh3
e4 82. Kh4 e3 83. Kh5 e2 84. Kh6 e1=Q 85. Kh7 Qe7+ 86. Kh8 Kd4 87. Kg8 Ke5 88.
Kh8 Kf6 89. Kg8 Qg7# 0-1

[Event "ICS Rated blitz match"]
[Site "207.99.83.227"]
[Date "1999.03.23"]
[Round "?"]
[White "rajah"]
[Black "Hossa"]
[Result "1-0"]
[WhiteElo "2584"]
[BlackElo "2384"]
[PlyCount "55"]

1. e4 e5 2. Nf3 Nc6 3. Bb5 a6 4. Ba4 Nf6 5. O-O Nxe4 6. d4 exd4 7. Nxd4 Ne7 8.
Re1 Nc5 9. Nc3 Nxa4 10. Nxa4 d6 11. Bf4 Bd7 12. Nc3 Rb8 13. Bg5 h5 14. Bxe7
Bxe7 15. Nd5 Kf8 16. Nxe7 Rh6 17. Ndf5 Bxf5 18. Nxf5 Rh7 19. Qd3 Kg8 20. Ne7+
Kh8 21. Rad1 Qd7 22. Qf3 g6 23. Qc3+ Rg7 24. Nd5 Qc6 25. Nxc7 Qd7 26. Nd5 Rc8
27. Qd2 Qd8 28. Re8+ {Hossa resigns} 1-0

[Event "ICS rated bullet match"]
[Site "207.99.83.227"]
[Date "1999.03.23"]
[Round "?"]
[White "Hossa"]
[Black "JSBach"]
[Result "1-0"]
[WhiteElo "2413"]
[BlackElo "2206"]
[PlyCount "113"]

1. e4 e5 2. Nf3 Qf6 3. Bd3 Nc6 4. O-O Bc5 5. b3 Nb4 6. Bb5 c6 7. Be2 d5 8. Nc3
d4 9. Na4 Bb6 10. c3 Na6 11. cxd4 Bxd4 12. Nxd4 exd4 13. Bxa6 bxa6 14. Ba3 a5
15. Qc2 Nh6 16. Rac1 Ba6 17. e5 Qg6 18. Qxg6 hxg6 19. Rfe1 Bb5 20. e6 Ng4 21.
h3 Nf6 22. exf7+ Kxf7 23. Nc5 Rae8 24. Bb2 Rxe1+ 25. Rxe1 d3 26. a4 Bxa4 27.
bxa4 Rh4 28. Bc3 Rc4 29. Nxd3 Rxa4 30. Ne5+ Kf8 31. Nxc6 Nd5 32. Bxa5 a6 33.
Re5 Ra1+ 34. Kh2 Rc1 35. Nb8 Ne7 36. Bb4 Rc7 37. Rxe7 Rxe7 38. Nc6 Ke8 39. Nxe7
a5 40. Bc5 g5 41. d4 Kd7 42. d5 a4 43. Kg3 g4 44. Kxg4 Kd8 45. Nf5 a3 46. Bxa3
g6 47. Ne7 Ke8 48. Nxg6 Kd8 49. d6 Kc8 50. Nf8 Kd8 51. d7 Kc7 52. Be7 Kb6 53.
d8=Q+ Kc6 54. Qd6+ Kb7 55. Nd7 Ka7 56. Qb8+ Ka6 57. Qb6# {JSBach checkmated}
1-0

[Event "ICS rated blitz match"]
[Site "207.99.83.227"]
[Date "1999.03.23"]
[Round "?"]
[White "Hossa"]
[Black "rajah"]
[Result "1-0"]
[WhiteElo "2373"]
[BlackElo "2575"]
[PlyCount "127"]

1. e4 e6 2. d4 d5 3. Nc3 Bb4 4. exd5 exd5 5. Bd3 Nc6 6. Nge2 Nge7 7. O-O Bf5 8.
Bxf5 Nxf5 9. Qd3 Bxc3 10. Nxc3 Nfxd4 11. Be3 Ne6 12. Nxd5 O-O 13. Rfe1 Re8 14.
Qc4 Ne7 15. Nf4 Nf5 16. Nxe6 Rxe6 17. Bc5 Qd7 18. Rxe6 Qxe6 19. Qxe6 fxe6 20.
Rd1 b6 21. Bb4 g5 22. Rd7 c5 23. Bc3 g4 24. Be5 h5 25. a4 a6 26. c4 b5 27. b3
b4 28. a5 Rc8 29. Ra7 Rc6 30. Rb7 Rc8 31. Rb6 Rd8 32. Kf1 Rd3 33. Rxa6 Rxb3 34.
Rxe6 Rb1+ 35. Ke2 b3 36. a6 b2 37. Rb6 Nd4+ 38. Bxd4 cxd4 39. Kd3 Ra1 40. Rxb2
Rxa6 41. Kxd4 Rd6+ 42. Ke5 Rc6 43. Rc2 Kf8 44. f4 gxf3 45. gxf3 Ke8 46. c5 Kd7
47. h4 Re6+ 48. Kf5 Re8 49. c6+ Kd6 50. Kg6 Rg8+ 51. Kxh5 Rg7 52. c7 Rxc7 53.
Rxc7 Kxc7 54. f4 Kd6 55. f5 Ke7 56. Kg6 Kf8 57. f6 Ke8 58. h5 Kd8 59. f7 Kc8
60. f8=Q+ Kc7 61. Qc5+ Kd7 62. Kf7 Kd8 63. Ke6 Ke8 64. Qc8# {rajah checkmated}
1-0

[Event "ICS rated blitz match"]
[Site "207.99.83.227"]
[Date "1999.03.23"]
[Round "?"]
[White "Hossa"]
[Black "Data"]
[Result "0-1"]
[WhiteElo "2395"]
[BlackElo "2872"]
[Annotator "Crafty v16.6"]
[PlyCount "121"]

{annotating for player Hossa using a scoring margin of +0.10 pawns. search
time limit is 12.00} 1. e4 1... c5 2. Bc4 e6 3. Nc3 Ne7 4. Nf3 Ng6 5. O-O Be7
6. d4 cxd4 7. Nxd4 O-O 8. Qh5 Qc7 9. Qe2 ({8:-0.04} 9. Qe2 9... Nf4 10. Bxf4
Qxf4 11. Qd3 Nc6 12. Nce2 Qg4 13. Rad1 $10) ({8:+0.25} 9. Bb3 9... Nc6 10. Be3
Qe5 11. Qxe5 Ncxe5 12. Ndb5 a6 13. Nc7 $10) 9... Nf4 10. Bxf4 Qxf4 11. Rad1 Nc6
12. Qd2 Qxd2 13. Rxd2 Ne5 14. Be2 a6 15. Na4 Bd8 16. f4 Ng6 17. e5 f6 18. exf6
Ba5 19. fxg7 Rxf4 20. Rdd1 Kxg7 21. Rxf4 Nxf4 22. Bf3 d6 23. g3 Nh3+ 24. Kg2
Ng5 25. Nb3 Bc7 26. Nc3 e5 27. Nd5 Bh3+ 28. Kf2 Rf8 29. Nxc7 Rxf3+ 30. Ke1 Ne4
31. Rd3 Rf1+ 32. Ke2 Rb1 33. Kf3 Bf5 34. Ne8+ Kf8 35. Nxd6 Ng5+ 36. Ke3 Bxd3
37. cxd3 Rxb2 38. Nxb7 Rxh2 39. N7c5 Rg2 40. Nd7+ Ke7 41. Nxe5 Rxg3+ 42. Kf2
Rh3 43. a4 Ne6 44. Nf3 h5 45. d4 Ng5 46. Nbd2 Nxf3 47. Nxf3 Rh1 48. Ne1 Kd6 49.
a5 Rxe1 50. Kxe1 Kc6 51. Kf2 Kb5 52. Kf3 Kxa5 53. Kf4 Kb6 54. Kf5 h4 55. Ke5 h3
56. Ke4 h2 57. Kd3 h1=Q 58. Ke3 Kc6 59. Kd2 Qf3 60. Kc2 Kd5 61. Kd2 0-1

[Event "ICS Rated blitz match"]
[Site "207.99.83.227"]
[Date "1999.03.23"]
[Round "?"]
[White "Hossa"]
[Black "latinos"]
[Result "0-1"]
[WhiteElo "2393"]
[BlackElo "2697"]
[Annotator "Crafty v16.6"]
[PlyCount "85"]

{annotating for player Hossa using a scoring margin of +0.10 pawns. search
time limit is 12.00} 1. e4 1... e6 2. d4 d5 3. Nc3 Nf6 4. e5 Ne4 5. Nxe4 dxe4
6. Bc4 ({8:-0.13} 6. Bc4 6... Nc6 7. c3 Na5 8. Bb5+ Bd7 9. Bxd7+ Qxd7 10. Qg4
Qd5 11. Bg5 $10) ({8:+0.14} 6. Nh3 6... c5 7. Be3 Nc6 8. dxc5 Qc7 9. Bc4 9...
Qxe5 $10) 6... a6 7. Ne2 b5 8. Bb3 c5 9. a4 c4 10. Ba2 Bb7 11. axb5 ({8:+0.19} 
11. axb5 11... e3 12. O-O exf2+ 13. Rxf2 axb5 14. Qf1 Qe7 15. Bf4 15... Nd7 $10
) ({8:+0.55} 11. O-O 11... Nc6 12. c3 Qh4 13. Qc2 Be7 14. Bf4 Na5 15. axb5
15... axb5 $14) 11... axb5 12. Be3 ({9:+0.23} 12. Be3 12... Bb4+ 13. Nc3 Bxc3+
14. bxc3 O-O 15. O-O Qh4 16. Qd2 Nc6 17. Bg5 17... Qg4 $10) ({9:+0.42} 12. O-O
12... Na6 13. c3 Be7 14. b3 cxb3 15. Qxb3 Nc7 16. c4 16... Qd7 $14) 12... Nd7
13. O-O Nb6 14. Nc3 ({8:-0.07} 14. Nc3 14... b4 15. Ne2 Be7 16. Nf4 O-O 17. Qh5
17... Qd7 $10) ({8:+0.19} 14. b3 14... Be7 15. bxc4 bxc4 16. Nf4 O-O 17. Qh5 c3
18. Bb3 $10) 14... Ra5 15. Qh5 ({9:-0.28} 15. Qh5 15... Qa8 16. Nxb5 Rxb5 17.
Bxc4 Nxc4 18. Rxa8+ Bxa8 19. Ra1 19... Bd5 $10) ({9:-0.05} 15. Re1 15... b4 16.
Ne2 Be7 17. Nf4 Qa8 18. Qb1 O-O 19. c3 $10) 15... b4 16. Ne2 Qa8 17. Nc1 b3 18.
f3 g6 19. Qh4 Be7 20. Qf2 exf3 21. cxb3 cxb3 22. Bd2 Ra4 23. Nxb3 Rxa2 24. Ba5
Rxa1 25. Rxa1 Qa6 26. Bb4 Qc4 27. Bxe7 Qxb3 28. Bf6 O-O 29. gxf3 Rc8 30. Re1
Rc2 31. Re2 Rc1+ 32. Kg2 Bxf3+ 33. Qxf3 Rg1+ 34. Kxg1 Qxf3 35. Rf2 Qg4+ 36. Kf1
Qxd4 37. b3 Nd7 38. Rf3 Nxe5 39. Bxe5 Qxe5 40. Kg2 Qe2+ 41. Rf2 Qg4+ 42. Kh1 f5
43. Rd2 0-1

[Event "ICS Rated blitz match"]
[Site "207.99.83.227"]
[Date "1999.03.23"]
[Round "?"]
[White "Hossa"]
[Black "BabyBach"]
[Result "1-0"]
[WhiteElo "2386"]
[BlackElo "835"]
[PlyCount "35"]

1. e4 Nc6 2. Nf3 Nf6 3. e5 Ng4 4. d4 Na5 5. d5 h5 6. b4 d6 7. exd6 exd6 8. bxa5
Nf6 9. Bb2 c6 10. Qe2+ Qe7 11. Bxf6 gxf6 12. a6 Kd8 13. Nc3 b6 14. Qxe7+ Bxe7
15. dxc6 Kc7 16. Nd5+ Kd8 17. Bb5 Rb8 18. c7# {BabyBach checkmated} 1-0

[Event "ICS Rated blitz match"]
[Site "207.99.83.227"]
[Date "1999.03.23"]
[Round "?"]
[White "achia"]
[Black "Hossa"]
[Result "0-1"]
[WhiteElo "2248"]
[BlackElo "2386"]
[PlyCount "28"]

1. d4 Nf6 2. c4 g6 3. Nc3 Bg7 4. e4 d6 5. Be2 O-O 6. Bg5 c5 7. d5 Qa5 8. Qd2
Qb4 9. Nf3 Bg4 10. O-O Bxf3 11. gxf3 Nbd7 12. f4 h6 13. Bh4 Nb6 14. b3 14...
Nfxd5 {achia resigns} 0-1

[Event "ICS rated bullet match"]
[Site "207.99.83.227"]
[Date "1999.03.23"]
[Round "?"]
[White "NacireddinHodja"]
[Black "Hossa"]
[Result "0-1"]
[WhiteElo "2141"]
[BlackElo "2427"]
[PlyCount "60"]

1. d4 Nf6 2. c4 g6 3. Nc3 Bg7 4. e4 d6 5. Nf3 Bg4 6. Be3 O-O 7. Bd3 Nc6 8. h3
Bxf3 9. Qxf3 e5 10. d5 Nd4 11. Qd1 Nd7 12. Ne2 Qf6 13. O-O Nc5 14. Nxd4 exd4
15. Bc1 Qh4 16. Re1 Nxd3 17. Qxd3 f5 18. exf5 Rxf5 19. Qg3 Qxg3 20. fxg3 Raf8
21. Bf4 Be5 22. Bxe5 dxe5 23. Rf1 Rxf1+ 24. Rxf1 Rxf1+ 25. Kxf1 Kf7 26. g4 Ke7
27. Ke2 e4 28. b4 Kd6 29. g5 b5 30. cxb5 30... Kxd5 {NacireddinHodja resigns}
0-1

[Event "ICS rated blitz match"]
[Site "207.99.83.227"]
[Date "1999.03.23"]
[Round "?"]
[White "Gromit211"]
[Black "Hossa"]
[Result "1-0"]
[WhiteElo "2528"]
[BlackElo "2403"]
[Annotator "Crafty v16.6"]
[PlyCount "157"]

{annotating for player Hossa using a scoring margin of +0.10 pawns. search
time limit is 12.00} 1. c4 1... e5 2. Nc3 Nf6 3. e3 Bb4 4. Nf3 d6 ({9:-0.19} 
4... d6 5. Qa4+ Nc6 6. Nd5 Ba5 7. b4 Bb6 8. Nxb6 cxb6 9. b5 9... Na5 $10) ({
9:+0.02} 4... Nc6 5. Be2 O-O 6. O-O d5 7. a3 Bc5 8. b4 8... Bb6 $10) 5. Qa4+
Nc6 6. Nd5 Ba5 7. b4 Bb6 8. b5 Na5 9. Nxf6+ Qxf6 10. Bb2 Qd8 11. Bc3 c6 12. c5
dxc5 13. bxc6 Nxc6 ({7:-0.60} 13... Nxc6 14. Nxe5 O-O 15. Nxc6 bxc6 16. Qxc6
Bg4 17. Bc4 $14) ({7:-0.45} 13... O-O 14. cxb7 Bxb7 15. Nxe5 Qd5 16. Nf3 Bc6
17. Qg4 17... f6 $14) 14. Nxe5 O-O 15. Nxc6 bxc6 16. Qxc6 Bf5 17. Qf3 Bd3 18.
e4 Bxf1 19. Kxf1 Qh4 20. Qg3 Qxg3 21. hxg3 Rad8 22. e5 Rd3 23. Rb1 Rfd8 24. a4
Rxd2 25. Bxd2 Rxd2 26. Rc1 c4 27. Rxc4 Rxf2+ 28. Ke1 h6 29. a5 Be3 30. Rf1 Rxg2
31. Rc8+ Kh7 32. Rxf7 Rxg3 33. e6 Bd4 34. e7 Re3+ 35. Kd2 Kg6 36. Rf4 Rxe7 37.
Rxd4 Kh7 38. Rdc4 Re5 39. R8c5 Re8 40. Rh4 Re7 41. Rch5 Kg6 42. Kd3 Kh7 43. Rh1
Kg6 44. Kd4 Rb7 45. Kc4 Kh7 46. Kc3 Rd7 47. Kb4 a6 48. Kc5 Rf7 49. Kb6 Rf6+ 50.
Kc7 Rf7+ 51. Kc6 Rf2 52. R1h2 Rf6+ 53. Kd5 Kg6 54. Ke4 Rf1 55. Rc5 Re1+ 56. Kf3
Re6 57. Rc7 Rf6+ 58. Ke4 h5 59. Rg2+ Kh6 60. Rcxg7 h4 61. Rg8 Kh7 62. R8g4 h3
63. R2g3 Re6+ 64. Kd3 Rd6+ 65. Kc3 Rc6+ 66. Kb3 h2 67. Rh4+ Rh6 68. Rgh3 Kg6
69. Rxh6+ Kf5 70. Rxa6 Ke5 71. Rh5+ Ke4 72. Re6+ Kf4 73. a6 h1=Q 74. Rxh1 Kg4
75. Rg1+ Kf4 76. Rf1+ Kg4 77. Rg6+ Kh5 78. Rfg1 Kh4 79. Rh6# 1-0